The Service Charges (Consultation Requirements) (Wales) Regulations 2004 (Record no. 103555)

MARC details
000 -LEADER
fixed length control field 01111cad a22002415a 4500
001 - CONTROL NUMBER
control field L126028
008 - FIXED-LENGTH DATA ELEMENTS--GENERAL INFORMATION
fixed length control field 040427s2004 xxk l f000 0 eng u
020 ## - INTERNATIONAL STANDARD BOOK NUMBER
International Standard Book Number 0110908902
035 ## - SYSTEM CONTROL NUMBER
System control number (Sirsi) u126028
041 ## - LANGUAGE CODE
Language code of text/sound track or separate title eng
245 04 - TITLE STATEMENT
Title The Service Charges (Consultation Requirements) (Wales) Regulations 2004
Medium [electronic resource]
260 ## - PUBLICATION, DISTRIBUTION, ETC.
Place of publication, distribution, etc. London
Name of publisher, distributor, etc. HMSO
Date of publication, distribution, etc. 2004
490 ## - SERIES STATEMENT
Series statement SI
Volume/sequential designation 2004: 684
520 ## - SUMMARY, ETC.
Summary, etc. Came into force 31 March 2004. Outline details of prescribed consultation requirements by landlords with tenants where costs are recoverable through service charges payable by tenants. See Explanatory Note for further details. View at www.legislation.hmso.gov.uk.
650 ## - SUBJECT ADDED ENTRY--TOPICAL TERM
Topical term or geographic name entry element COMMONHOLD AND LEASEHOLD REFORM ACT 2002
650 ## - SUBJECT ADDED ENTRY--TOPICAL TERM
Topical term or geographic name entry element SERVICE CHARGES (CONSULTATION REQUIREMENTS) (WALES) REGULATIONS 2004
650 ## - SUBJECT ADDED ENTRY--TOPICAL TERM
Topical term or geographic name entry element LANDLORD AND TENANT ACT 1985 S20
650 ## - SUBJECT ADDED ENTRY--TOPICAL TERM
Topical term or geographic name entry element WALES
650 ## - SUBJECT ADDED ENTRY--TOPICAL TERM
Topical term or geographic name entry element SERVICE CHARGES
690 ## - LOCAL SUBJECT ADDED ENTRY--TOPICAL TERM (OCLC, RLIN)
Topical term or geographic name as entry element PROPERTY-LANDLORD AND TENANT
856 ## - ELECTRONIC LOCATION AND ACCESS
Uniform Resource Identifier <a href="https://www.legislation.gov.uk/wsi/2004/684/contents/made">https://www.legislation.gov.uk/wsi/2004/684/contents/made</a>
Public note View the Regulations free of charge at www.legislation.gov.uk
942 ## - ADDED ENTRY ELEMENTS (KOHA)
Suppress in OPAC 0
Holdings
Withdrawn status Lost status Source of classification or shelving scheme Damaged status Not for loan Home library Current library Shelving location Date acquired Total Checkouts Full call number Barcode Date last seen Copy number Price effective from Koha item type
    Dewey Decimal Classification     Virtual Virtual Online 27/04/2004   ONLINE PUBLICATION 126028-2001 06/08/2019 1 06/08/2019 Book